[Event "Mittelfrank Regionalliga Sud-West 2223"]
[Site "Mittelfranken"]
[Date "2023.03.19"]
[Round "8.5"]
[White "Mai, Anton"]
[Black "Jankowski, Moritz"]
[Result "1-0"]
[WhiteElo "2073"]
[BlackElo "1945"]
[PlyCount "54"]
[EventDate "2022.10.09"]
[EventType "team-tourn"]
[EventRounds "9"]
[EventCountry "GER"]
[SourceTitle "EXT 2024"]
[Source "ChessBase"]
[SourceDate "2023.10.10"]
[SourceVersion "1"]
[SourceVersionDate "2023.10.10"]
[SourceQuality "1"]
[WhiteTeam "Haar"]
[BlackTeam "Marktoberdorf"]
[WhiteTeamCountry "GER"]
[BlackTeamCountry "GER"]

1. e4 e5 2. Nf3 Nc6 3. Bc4 Nf6 4. d3 Bc5 5. 0-0 d6 6. c3 a6 7. Bg5 h6 8. Be3 Bxe3 9. fxe3 Bd7 10. a3 Qe7 11. Nbd2 0-0 12. Qe1 b5 13. Bb3 Na5 14. Ba2 c5 15. Nh4 Kh7 16. Rf3 Nh5 17. h3 Rac8 18. Qf2 c4 19. d4 Nc6 20. Rf1 Kg8 21. Bb1 Nd8 22. Ng6 fxg6 23. Rxf8+ Kh7 24. Kh2 Be8 25. Rf3 Ne6 26. h4 g5 27. g4 Nf6 1-0

[Event "Mittelfrank Regionalliga Sud-West 2122"]
[Site "Mittelfranken"]
[Date "2021.10.24"]
[Round "1.5"]
[White "Richtmann, Peter"]
[Black "Mai, Anton"]
[Result "0-1"]
[WhiteElo "1899"]
[BlackElo "1989"]
[PlyCount "52"]
[EventDate "2021.10.24"]
[EventType "team-tourn"]
[EventRounds "9"]
[EventCountry "GER"]
[SourceTitle "EXT 2024"]
[Source "ChessBase"]
[SourceDate "2023.10.10"]
[SourceVersion "1"]
[SourceVersionDate "2023.10.10"]
[SourceQuality "1"]
[WhiteTeam "Dillingen"]
[BlackTeam "Haar"]
[WhiteTeamCountry "GER"]
[BlackTeamCountry "GER"]

1. d4 Nf6 2. c4 e6 3. Nf3 d5 4. Nc3 Be7 5. Bf4 0-0 6. e3 Nh5 7. Bg3 c6 8. Rc1 Nd7 9. Bd3 Re8 10. Ne5 g6 11. Qf3 Nxe5 12. Bxe5 f6 13. g4 fxe5 14. gxh5 e4 15. Nxe4 dxe4 16. Qxe4 Qa5+ 17. Ke2 Qxh5+ 18. f3 Bd7 19. a3 Bd6 20. Rcg1 e5 21. dxe5 Bxe5 22. b3 Kh8 23. c5 Bf5 24. Qc4 Bxd3+ 25. Qxd3 Rad8 26. Qc4 Bd4 0-1